| Tag |
First Indicator |
Second Indicator |
Subfields |
| LEADER |
00000cam a22000008a 4500 |
| 001 |
in00001319721 |
| 005 |
20151005085616.0 |
| 008 |
960628s1996 nmu b 001 0 eng |
| 010 |
|
|
|a 96031354
|
| 020 |
|
|
|a 0933452942 (cloth)
|
| 020 |
|
|
|a 0933452950 (paper)
|
| 035 |
|
|
|a (OCoLC)35043056
|
| 035 |
|
|
|9 AHE0311AM
|
| 040 |
|
|
|a DLC
|c DLC
|d UtOrBLW
|
| 049 |
|
|
|a TXAM
|
| 050 |
0 |
0 |
|a GF21
|b .S45 1996
|
| 082 |
0 |
0 |
|a 304.2/3
|2 20
|
| 245 |
0 |
0 |
|a Senses of place /
|c edited by Steven Feld and Keith H. Basso.
|
| 263 |
|
|
|a 9611
|
| 264 |
|
1 |
|a Santa Fe, NM :
|b School of American Research Press,
|c 1996.
|
| 300 |
|
|
|a viii, 293 pages :
|b illustrations, map ;
|c 24 cm.
|
| 336 |
|
|
|a text
|b txt
|2 rdacontent
|
| 337 |
|
|
|a unmediated
|b n
|2 rdamedia
|
| 338 |
|
|
|a volume
|b nc
|2 rdacarrier
|
| 490 |
1 |
|
|a School of American Research advanced seminar series
|
| 504 |
|
|
|a Includes bibliographical references and index.
|
| 650 |
|
0 |
|a Human geography
|x Philosophy.
|
| 650 |
|
0 |
|a Ethnology
|x Philosophy.
|
| 650 |
|
0 |
|a Geographical perception.
|
| 700 |
1 |
|
|a Feld, Steven.
|
| 700 |
1 |
|
|a Basso, Keith H.,
|d 1940-2013.
|
| 830 |
|
0 |
|a School of American Research advanced seminar series.
|
| 999 |
|
|
|a MARS
|
| 999 |
f |
f |
|s 6fe8a72a-b023-3f0e-8b2e-954f39e3cd76
|i 00d47137-65b4-3cee-aff5-092292a3bbc1
|t 0
|
| 952 |
f |
f |
|p normal
|a Texas A&M University
|b College Station
|c Sterling C. Evans Library
|d Evans: Library Stacks
|t 0
|e GF21 .S45 1996
|h Library of Congress classification
|i unmediated -- volume
|m A14820754773
|
| 998 |
f |
f |
|a GF21 .S45 1996
|t 0
|l Evans: Library Stacks
|